Statystyki dla Kraków linia tramwajowa 52

Kliknij tutaj aby rozwiązać quiz!

Ogólne statystyki

  • Ten quiz został rozwiązany 97 razy
  • Średni wynik to 17 z 37

Statystyki odpowiedzi

Odpowiedź% Poprawnych
1czerwone maki p+r
95%
4ruczaj
67%
37osiedle piastów
66%
17teatr słowackiego
66%
15starowiślna
63%
14stradom
63%
16poczta główna
62%
12rondo grunwaldzkie
62%
19rondo mogilskie
61%
3kampus uj
60%
18lubicz
60%
10kapelanka
56%
5norymberska
56%
11szwedzka
54%
29rondo czyżyńskie
50%
33rondo hipokratesa
50%
8kobierzyńska
49%
6grota roweckiego
48%
13orzeszkowej
46%
9słomiana
46%
25tauron arena
45%
30bieńczycka
44%
32dh wanda
44%
7lipińskiego
43%
36piasta kołodzieja
43%
35kleeberga
37%
34dunikowskiego
34%
26m1
33%
24dąbie
30%
21francesco nullo
27%
20teatr variete
26%
23ofiar dąbia
24%
27rondo 308 dywizjonu
24%
28centralna
23%
22fabryczna
23%
31rondo kocmyrzowskie imienia księdza gorzelanego
13%
2chmielnickiego
4%

Rozkład punktacji

Percentyl według liczby udzielonych odpowiedzi

Procent ludzi z każdym wynikiem

Twoja historia wyników

Nie rozwiązałeś tego quizu